000 00557nam a2200157Ia 4500
008 240126s9999 xx 000 0 und d
022 _a0973-5267
041 _aEnglish
082 _aLIBRARY-XXI
245 0 _aInternational Journal of Computational Intelligence Theory and Practice (2012 -
260 _bSerials Publications
_aNew Delhi
440 _aNULL
650 _aComputational,Intelligence,(2012,-,Computer Science,Information Science,Computer Application
650 _aComputer Science,Information Science, Computer Application
942 _cJN
999 _c270599
_d270599